Normal view
MARC view
Entry Personal Name
001 - CONTROL NUMBER
- control field: 51493
003 - CONTROL NUMBER IDENTIFIER
- control field: OSt
005 - DATE AND TIME OF LATEST TRANSACTION
- control field: 20240810105248.0
008 - FIXED-LENGTH DATA ELEMENTS
- fixed length control field: 240810|| aca||aabn | a|a d
040 ## - CATALOGING SOURCE
- Original cataloging agency: OSt
- Transcribing agency: OSt
100 ## - HEADING--PERSONAL NAME
- Personal name: ဝိစိတ္တသာရာဘိဝံသ၊ဦး (မင်းကွန်းဆရာတော်)
670 ## - SOURCE DATA FOUND
- Source citation: Work cat.: (OSt)15251: ဝိစိတ္တသာရာဘိဝံသ၊ဦး (မင်းကွန်းဆရာတော်), သရဏဂုံသုံးပါးနှင့်ငါးပါးသီလတရားတော် =The thre refuges and the five precepts /, ၁၉၅၃။